Normal view
MARC view
- Programming languages (C ++)
Entry Topical Term
001 - CONTROL NUMBER
- control field: 24843
003 - CONTROL NUMBER IDENTIFIER
- control field: IN-BhIIT
005 - DATE AND TIME OF LATEST TRANSACTION
- control field: 20241105143202.0
008 - FIXED-LENGTH DATA ELEMENTS
- fixed length control field: 241105|| aca||aabn | a|a d
040 ## - CATALOGING SOURCE
- Original cataloging agency: IN-BhIIT
- Transcribing agency: IN-BhIIT
150 ## - HEADING--TOPICAL TERM
- Topical term or geographic name entry element: Programming languages (C ++)
670 ## - SOURCE DATA FOUND
- Source citation: Work cat.: (IN-BhIIT)14477: Balagurusamy, E. Author 7333, Object oriented programming with C++ /, 1995.